|
|
|
|
| LEADER |
00772nta a2200217 i 4500 |
| 001 |
dokt8026 |
| 005 |
20221024104847.0 |
| 008 |
221024s1975 hu om 0|| hun d |
| 040 |
|
|
|a SZTE Doktori Repozitórium
|b hun
|
| 041 |
|
|
|a hun
|
| 100 |
1 |
|
|a Czakó Mihály
|
| 245 |
1 |
0 |
|a Aspergillus niger hiánymutánsok felhasználása aminosavak kvantitatív meghatározására
|h [elektronikus dokumentum] /
|c Czakó Mihály
|
| 260 |
|
|
|c 1975
|
| 502 |
|
|
|a Disszertacio
|
| 650 |
|
4 |
|a biológiai tudományok
|
| 650 |
|
4 |
|a Természettudományok
|
| 650 |
|
4 |
|a Biológiai tudományok
|
| 650 |
|
4 |
|a Sejtbiológia, mikrobiológia
|
| 695 |
|
|
|a Mikrobiológia
|
| 700 |
1 |
|
|a Ferenczy Lajos
|e ths
|
| 856 |
4 |
0 |
|u https://doktori.bibl.u-szeged.hu/id/eprint/8026/1/1975_czako_mihaly.pdf
|z Dokumentum-elérés
|